000 00368 a2200145 4500
999 _c4981
_d4981
020 _a0947457550
050 _aPL8842 KUB 1995
100 _aKubheka, J.S
_eAuthor
245 _aUmthathe uzala umlotha
_cI.S. Kubheka
264 _aHarare:
_bCollege Press,
_c1995
300 _a218p. :
500 _aA Zulu novel
650 _aNovel
_xZulu
942 _2lcc
_cBK
_h8842
_iKUB
_kPL